Capitais mundiais que terminam em A-Z - Statistics

Estatísticas Gerais
  • Esse quiz foi jogado 93 vezes
  • A pontuação média é 9 de 20
Estatísticas das Respostas
Letra Capitais % Correto
A Abuja | Accra | Adis Abeba +60
97%
S Atenas | Bruxelas | Buenos Aires +9
93%
O Antananarivo | Assunção | Bamako +24
92%
N Bandar Seri Begawan | Belmopan | Bridgetown +13
85%
M Berlim | Cartum | Jerusalém | Pequim
72%
U Baku | Bissau | Catmandu +9
68%
D Islamabad | Madrid | Ngerulmud
67%
E Asgabate | Basseterre | Beirute +22
62%
L Argel | Banjul | Cabul | Seul
52%
I Abu Dhabi | Bangui | Conacri +10
47%
B Zagreb
42%
V Kiev
37%
K Bangkok | Minsk | Reykjavík | Windhoek
28%
T Kuweit | Nouakchott | Rabat | Tashkent
27%
Z La Paz | Vaduz
27%
R Dakar | Kuala Lumpur | Palikir +2
25%
Y Niamey | Port Moresby
10%
G Pyongyang
8%
W Naypyidaw
2%
H Phnom Penh
0%
Nenhum quiz correspondente encontrado
Distribuição das Pontuações
Porcentagem de Pessoas com Cada Pontuação
Percentil de Números Respondidos
Sua Pontuação Histórica
Você não jogou esse quiz